Beşiktaş Teknik Direktörleri - Armageddon - Statistics

General Stats
  • This quiz has been taken 154 times
  • The average score is 10 of 15
Answers on the Grid
Answers color-coded by a green-red scale on the quiz's grid according to % correct below.
Şenol Güneş
Slaven Bilić
Rui Vitória
Christoph Daum
Vicente del Bosque
Joachim Löw
Fatih Tekke
Sergen Yalçın
Roger Lemerre
Ole Gunnar Solskjær
Nevio Scala
Claude Puel
Okan Buruk
Abdullah Avcı
Jean Tigana
Rıza Çalımbay
Andrea Pirlo
Mustafa Denizli
Ersun Yanal
İsmail Kartal
Samet Aybaba
Kemal Özdeş
Mircea Lucescu
Roberto Carlos
Fatih Terim
Héctor Cúper
Bernd Schuster
Aykut Kocaman
Safet Sušić
Ertuğrul Sağlam
 
Answer Stats
Answer % Correct
Şenol Güneş
95%
Sergen Yalçın
88%
Ole Gunnar Solskjær
82%
Rıza Çalımbay
78%
Abdullah Avcı
74%
Slaven Bilić
74%
Ertuğrul Sağlam
68%
Mircea Lucescu
68%
Mustafa Denizli
67%
Samet Aybaba
67%
Christoph Daum
66%
Vicente del Bosque
64%
Jean Tigana
43%
Bernd Schuster
38%
Nevio Scala
17%
No matching quizzes found
Score Distribution
Percent of People with Each Score
Percentile by Number Answered
Your Score History
You have not taken this quiz